| 000 | 00408nam a2200181Ia 4500 | ||
|---|---|---|---|
| 001 | 14095 | ||
| 005 | 20260306164849.0 | ||
| 008 | 260306t2000||||xx |||||||||||||| ||spa|| | ||
| 041 | _aESP | ||
| 082 |
_a006.4 _bD96 |
||
| 100 |
_aDuda, Richard O. _eAUT |
||
| 245 | 0 | _aPattern classification | |
| 260 | _c2000 | ||
| 300 |
_a654 P. _c26 cm. |
||
| 650 | _aGEN | ||
| 654 | _aCCC | ||
| 942 |
_cLIB _dJUS _fJUS _2ddc _n |
||
| 999 |
_c14095 _d14095 |
||